| 000 | 00599nam a22001817a 4500 | ||
|---|---|---|---|
| 005 | 20260303124119.0 | ||
| 010 | _aBACEN26 | ||
| 020 |
_a9789367197295 _c265.00 |
||
| 037 | _bSPPL | ||
| 082 | _a954.174 | ||
| 100 |
_aRajkumar Ranjan Singh _988050 |
||
| 245 |
_aGeopolitical Relation of The Princely State Manipur With Neighbouring Regions/ _cby Rajkumar Ranjan Singh |
||
| 250 | _a1 | ||
| 260 |
_aNew Delhi _bNational Book Trust, India _c2025 |
||
| 270 |
_a5 Institutional area, Vasant Kunj _bNew Delhi _e110070 |
||
| 300 |
_a137p. _c22cm(Pb) |
||
| 942 |
_2ddc _cEN _h954.174 _mRAJ |
||
| 999 |
_c215119 _d215119 |
||